| 000 | 00447nam a22001817a 4500 | ||
|---|---|---|---|
| 003 | MPLRDC | ||
| 005 | 20220104160400.0 | ||
| 008 | 210129b ||||| |||| 00| 0 eng d | ||
| 020 | _a983-99283-3-3 | ||
| 082 | _a868.71 AW-28 | ||
| 100 | _a爱薇 | ||
| 245 |
_a新世界, 新儿童, 新希望 _c |
||
| 250 | _a初版 | ||
| 260 |
_a马来西亚 _b方正出版社 _c1999 |
||
| 300 | _b平 | ||
| 650 | _a马华文学 | ||
| 942 |
_cBK _o868.71 AW-28 |
||
| 999 |
_c54951 _d54941 |
||